[Event "2. Bundesliga Mitte 2010/11"]
[Site "Ansfelden"]
[Date "2011.03.12"]
[Round "7"]
[Board "6"]
[White "Wiesinger, Robert"]
[Black "Hellmayr, Alois"]
[Result "1-0"]
[WhiteElo "2232"]
[BlackElo "2235"]
[PlyCount "141"]
[EventDate "2010.10.16"]
[EventType "team"]
[EventRounds "11"]
[EventCountry "AUT"]
[WhiteTeam "SV Steyregg"]
[BlackTeam "Union Ansfelden"]

1.e4 c5 2.Nf3 e6 3.d4 cxd4 4.Nxd4 a6 5.Bd3 g6 6.f4 Bg7 7.c3 d6 8.O-O e5 9.Nf3
Nd7 10.fxe5 dxe5 11.b3 Nc5 12.Bc2 Qxd1 13.Rxd1 Ne7 14.Ba3 b6 15.Nbd2 Be6 16.Bxc5
bxc5 17.Bd3 O-O 18.Bc4 Bc8 19.Ng5 Ra7 20.Ndf3 Bf6 21.Rd6 Bxg5 22.Nxg5 Kg7 23.Rf1
f6 24.Ne6+ Bxe6 25.Rxe6 a5 26.Rd1 Kh6 27.Rdd6 Kg5 28.g3 a4 29.Kg2 axb3 30.h4+
Kh6 31.axb3 Kg7 32.Ra6 Rc7 33.g4 h6 34.Rad6 Ra7 35.Rd2 g5 36.h5 Rc7 37.Red6 Rfc8
38.Rd8 Rxd8 39.Rxd8 Rc8 40.Rd7 Kf8 41.Kf3 Rb8 42.Ke3 Rb6 43.Kd3 Rb8 44.Rd6 Kg7
45.Be6 Ra8 46.Kc4 Ra5 47.Rd7 Kf8 48.Rc7 Ra6 49.Bd5 Ra2 50.Kxc5 Ra5+ 51.Kc4 Nxd5
52.exd5 e4 53.d6 Ke8 54.Re7+ Kd8 55.Rxe4 Kd7 56.Rd4 f5 57.b4 Re5 58.gxf5 Rxf5
59.b5 Rf6 60.Kc5 Rf8 61.Kb4 Rg8 62.c4 g4 63.c5 g3 64.c6+ Ke6 65.d7 g2 66.Rd1 Ke7
67.Rg1 Kd8 68.Kc4 Kc7 69.Kd4 Rb8 70.Rxg2 Rxb5 71.Rg8 1-0

[Event "2. Bundesliga Mitte 2010/11"]
[Site "Ansfelden"]
[Date "2011.03.12"]
[Round "7"]
[Board "1"]
[White "Flumbort, Andras"]
[Black "Renner, Christoph"]
[Result "1-0"]
[WhiteElo "2550"]
[BlackElo "2420"]
[PlyCount "85"]
[EventDate "2010.10.16"]
[EventType "team"]
[EventRounds "11"]
[EventCountry "AUT"]
[WhiteTeam "ASK St. Valentin"]
[BlackTeam "SPG Sauwald 1"]

1.d4 f5 2.c4 Nf6 3.g3 g6 4.Bg2 Bg7 5.Nf3 O-O 6.O-O c6 7.Nc3 Ne4 8.Qb3 Qb6 9.Qa3
d6 10.Be3 Qa6 11.Qb3 Nxc3 12.bxc3 Be6 13.d5 Bf7 14.Rab1 b6 15.Ng5 c5 16.Ne6 Nd7
17.Nc7 Qa5 18.Nxa8 Rxa8 19.Bd2 Nf6 20.a4 Be8 21.Ra1 Bd7 22.f3 Re8 23.e4 Bc8
24.exf5 Bxf5 25.Rfe1 Bd7 26.h3 Qa6 27.Kh2 Kf7 28.g4 h5 29.g5 Nh7 30.f4 Bf5
31.Be4 Qc8 32.Qc2 Bxh3 33.Bxg6+ Kf8 34.f5 Bg4 35.Bxe8 Kxe8 36.Re6 Be5+ 37.Kg1
Kd7 38.Qe4 Qf8 39.Rxe5 dxe5 40.Rf1 Qg7 41.Kh2 Kd6 42.Re1 Qh8 43.a5 1-0

[Event "2. Bundesliga Mitte 2010/11"]
[Site "Ansfelden"]
[Date "2011.03.12"]
[Round "7"]
[Board "2"]
[White "Testor, Sebastian"]
[Black "Gonda, Laszlo"]
[Result "0-1"]
[WhiteElo "2365"]
[BlackElo "2550"]
[PlyCount "54"]
[EventDate "2010.10.16"]
[EventType "team"]
[EventRounds "11"]
[EventCountry "AUT"]
[WhiteTeam "SPG Sauwald 1"]
[BlackTeam "ASK St. Valentin"]

1.d4 Nf6 2.c4 e6 3.Nf3 d5 4.Bg5 dxc4 5.e4 b5 6.e5 h6 7.Bh4 g5 8.Nxg5 hxg5 9.Bxg5
Nbd7 10.a4 Nxe5 11.dxe5 Qxd1+ 12.Kxd1 Ng4 13.Ke1 Bc5 14.Be2 Nxf2 15.Rf1 Nd3+
16.Bxd3 cxd3 17.Nc3 Bd4 18.Nxb5 Bxe5 19.Rc1 Ba6 20.Bf6 Bxf6 21.Rxf6 Bxb5 22.axb5
O-O-O 23.Kd2 Rxh2 24.Rxf7 Rxg2+ 25.Kc3 e5 26.Re7 Re2 27.Kb4 Rd7 0-1

[Event "2. Bundesliga Mitte 2010/11"]
[Site "Ansfelden"]
[Date "2011.03.12"]
[Round "7"]
[Board "3"]
[White "Sandhoefner, Florian"]
[Black "Taggatz, Mario"]
[Result "1/2-1/2"]
[WhiteElo "2243"]
[BlackElo "2331"]
[PlyCount "32"]
[EventDate "2010.10.16"]
[EventType "team"]
[EventRounds "11"]
[EventCountry "AUT"]
[WhiteTeam "ASK St. Valentin"]
[BlackTeam "SPG Sauwald 1"]

1.e4 c6 2.c4 d5 3.cxd5 cxd5 4.exd5 Nf6 5.Nc3 Nxd5 6.Nf3 Nc6 7.d4 Bg4 8.Qb3 Bxf3
9.gxf3 e6 10.Qxb7 Nxd4 11.Bb5+ Nxb5 12.Qc6+ Ke7 13.Qxb5 Nxc3 14.Qc5+ Ke8 15.Qc6+
Ke7 16.Qc5+ Ke8 1/2-1/2

[Event "2. Bundesliga Mitte 2010/11"]
[Site "Ansfelden"]
[Date "2011.03.12"]
[Round "7"]
[Board "4"]
[White "Hiermann, Dietmar"]
[Black "Kranzl, Peter"]
[Result "1/2-1/2"]
[WhiteElo "2287"]
[BlackElo "2256"]
[PlyCount "81"]
[EventDate "2010.10.16"]
[EventType "team"]
[EventRounds "11"]
[EventCountry "AUT"]
[WhiteTeam "SPG Sauwald 1"]
[BlackTeam "ASK St. Valentin"]

1.e4 c6 2.d4 d5 3.Nc3 dxe4 4.Nxe4 Nd7 5.Ng5 Ngf6 6.Bd3 e6 7.N1f3 Bd6 8.Qe2 h6
9.Ne4 Nxe4 10.Qxe4 Qc7 11.O-O b6 12.c3 Bb7 13.Qe2 c5 14.Be4 O-O 15.Bxb7 Qxb7
16.Be3 Qc7 17.dxc5 bxc5 18.Rfd1 Rfd8 19.h3 Nb6 20.c4 Be7 21.b3 Rxd1+ 22.Rxd1 Rd8
23.Kf1 Rd7 24.Qc2 Rxd1+ 25.Qxd1 Nd7 26.Ke2 Qc6 27.Qc2 Bd6 28.Kf1 Nf6 29.Nd2 Kf8
30.f3 Ke7 31.Ne4 Nxe4 32.Qxe4 Qxe4 33.fxe4 a6 34.Ke2 Kd7 35.Kf3 Kc6 36.Kg4 Bf8
37.Bd2 g6 38.Bc3 f5+ 39.Kf4 Bd6+ 40.Kf3 h5 41.Bf6 1/2-1/2

[Event "2. Bundesliga Mitte 2010/11"]
[Site "Ansfelden"]
[Date "2011.03.12"]
[Round "7"]
[Board "5"]
[White "Trauner, Rudolf"]
[Black "Kirschner, Alexander"]
[Result "1/2-1/2"]
[WhiteElo "2222"]
[BlackElo "2260"]
[PlyCount "61"]
[EventDate "2010.10.16"]
[EventType "team"]
[EventRounds "11"]
[EventCountry "AUT"]
[WhiteTeam "ASK St. Valentin"]
[BlackTeam "SPG Sauwald 1"]

1.d4 e6 2.Nf3 Nf6 3.Bg5 h6 4.Bxf6 Qxf6 5.e3 d6 6.Bd3 Nd7 7.Nbd2 Qd8 8.Qe2 Be7
9.O-O c6 10.e4 e5 11.Rad1 Qc7 12.c3 O-O 13.Nc4 Re8 14.Ne3 Nf8 15.Qc2 a6 16.Rd2
Bd7 17.a3 Rad8 18.c4 Bf6 19.dxe5 dxe5 20.c5 Be6 21.Rfd1 Rd7 22.Bc4 Rxd2 23.Rxd2
Rd8 24.b4 Rxd2 25.Qxd2 Be7 26.Qc3 f6 27.Nf5 Kh7 28.h3 g6 29.Ne3 Qd7 30.Qb3 Kg7
31.Kh2 1/2-1/2

[Event "2. Bundesliga Mitte 2010/11"]
[Site "Ansfelden"]
[Date "2011.03.12"]
[Round "7"]
[Board "6"]
[White "Niederwieser, Peter"]
[Black "Heimberger, Reinhard"]
[Result "0-1"]
[WhiteElo "2194"]
[BlackElo "2302"]
[PlyCount "66"]
[EventDate "2010.10.16"]
[EventType "team"]
[EventRounds "11"]
[EventCountry "AUT"]
[WhiteTeam "SPG Sauwald 1"]
[BlackTeam "ASK St. Valentin"]

1.d4 d5 2.c4 e6 3.Nc3 Nf6 4.cxd5 exd5 5.Bg5 c6 6.Qc2 Be7 7.e3 O-O 8.Bd3 Nbd7
9.Nge2 Re8 10.h3 Ne4 11.Bxe7 Qxe7 12.Bxe4 dxe4 13.g4 Nf6 14.Ng3 h6 15.O-O-O a5
16.Rdg1 b5 17.Nh5 Nxh5 18.gxh5 Bf5 19.Rg3 Kh8 20.Rhg1 Rg8 21.Kb1 Rac8 22.Ne2 a4
23.Rc1 Be6 24.Qc5 Qf6 25.Nf4 Bc4 26.Rcg1 Rcd8 27.Ka1 Qd6 28.Qf5 a3 29.Rb1 Qb4
30.Qxe4 Bxa2 31.Kxa2 axb2 32.Rxb2 Qa4+ 33.Kb1 Qd1+ 0-1

[Event "2. Bundesliga Mitte 2010/11"]
[Site "Gleisdorf"]
[Date "2011.03.12"]
[Round "7"]
[Board "1"]
[White "Freitag, Manfred"]
[Black "Horvath, Adam"]
[Result "0-1"]
[WhiteElo "2382"]
[BlackElo "2493"]
[PlyCount "74"]
[EventDate "2010.10.16"]
[EventType "team"]
[EventRounds "11"]
[EventCountry "AUT"]
[WhiteTeam "ESV Austria Graz"]
[BlackTeam "RbEJ Gleisdorf"]

1.d4 Nf6 2.c4 e6 3.g3 d5 4.Nf3 dxc4 5.Bg2 a6 6.O-O Nc6 7.Nc3 Rb8 8.e4 Be7 9.Qe2
b5 10.d5 exd5 11.e5 O-O 12.exf6 Bxf6 13.Rd1 d4 14.Qe4 Bb7 15.Nd5 Nb4 16.Nxf6+
Qxf6 17.Qf4 c5 18.Qxf6 gxf6 19.Bf4 Rbd8 20.Bc7 Rc8 21.Bd6 Rfd8 22.Be7 Re8
23.Bxf6 h6 24.Rd2 Re6 25.Bxd4 Bxf3 26.Bxf3 cxd4 27.Rxd4 Rce8 28.a3 Re1+ 29.Rxe1
Rxe1+ 30.Kg2 Nd3 31.Bb7 Nxb2 32.Bxa6 Re5 33.Rd8+ Kg7 34.Rc8 Na4 35.f4 Rc5
36.Rxc5 Nxc5 37.Bc8 c3 0-1

[Event "2. Bundesliga Mitte 2010/11"]
[Site "Gleisdorf"]
[Date "2011.03.12"]
[Round "7"]
[Board "2"]
[White "Horvath, Tamas"]
[Black "Karner, Christoph"]
[Result "1-0"]
[WhiteElo "2414"]
[BlackElo "2322"]
[PlyCount "93"]
[EventDate "2010.10.16"]
[EventType "team"]
[EventRounds "11"]
[EventCountry "AUT"]
[WhiteTeam "RbEJ Gleisdorf"]
[BlackTeam "ESV Austria Graz"]

1.e4 c5 2.Nf3 d6 3.d4 cxd4 4.Nxd4 Nf6 5.Nc3 a6 6.h3 e6 7.g4 d5 8.exd5 Nxd5
9.Nde2 Bb4 10.Bd2 Nxc3 11.Nxc3 O-O 12.Bg2 Nc6 13.Bxc6 bxc6 14.Qf3 Bb7 15.O-O-O
Qc7 16.Rhe1 c5 17.Qe3 c4 18.Kb1 Rab8 19.Ka1 Ba8 20.Nb1 Bc5 21.Qe2 Bd4 22.Bc3
Bxc3 23.Nxc3 Qb6 24.Rb1 Rfd8 25.Red1 Rxd1 26.Nxd1 Qd4 27.Nc3 h6 28.Rd1 Qb6 29.b3
cxb3 30.axb3 Qb4 31.Kb2 a5 32.Ra1 Rc8 33.Qe3 Bc6 34.Qe5 Bd5 35.Ra4 Qc5 36.Qd4
Qc7 37.Qd2 Bc6 38.Rc4 Qb8 39.f4 Rd8 40.Rd4 Rxd4 41.Qxd4 Qb4 42.Qd8+ Kh7 43.Qc7
Bg2 44.Qxf7 Bxh3 45.Qh5 Bg2 46.Qe5 Bh3 47.Qe2 1-0

[Event "2. Bundesliga Mitte 2010/11"]
[Site "Gleisdorf"]
[Date "2011.03.12"]
[Round "7"]
[Board "3"]
[White "Kotz, Heinz Peter"]
[Black "Abel, Dennes"]
[Result "0-1"]
[WhiteElo "2330"]
[BlackElo "2394"]
[PlyCount "72"]
[EventDate "2010.10.16"]
[EventType "team"]
[EventRounds "11"]
[EventCountry "AUT"]
[WhiteTeam "ESV Austria Graz"]
[BlackTeam "RbEJ Gleisdorf"]

1.e4 c6 2.d4 d5 3.Nc3 dxe4 4.Nxe4 Bf5 5.Ng3 Bg6 6.Nf3 Nd7 7.h4 h6 8.h5 Bh7 9.Bd3
Bxd3 10.Qxd3 e6 11.Bd2 Ngf6 12.O-O-O Be7 13.Kb1 O-O 14.Rhe1 Re8 15.c4 b5 16.cxb5
cxb5 17.Rc1 a6 18.Qb3 Qb6 19.Be3 Nd5 20.Ne5 Nxe5 21.dxe5 Nxe3 22.Qxe3 Qxe3
23.fxe3 Bh4 24.Ne4 Bxe1 25.Rxe1 Red8 26.Nd6 f6 27.g4 fxe5 28.Ne4 Rac8 29.b3 Rd3
30.g5 hxg5 31.Nxg5 Rd2 32.Nf3 Rf2 33.Nxe5 Rcc2 34.Nd3 Rh2 35.Rg1 Rcd2 36.Nc1
Rxh5 0-1

[Event "2. Bundesliga Mitte 2010/11"]
[Site "Gleisdorf"]
[Date "2011.03.12"]
[Round "7"]
[Board "4"]
[White "Leitner, Gerald"]
[Black "Fahrner, Kurt"]
[Result "0-1"]
[WhiteElo "2215"]
[BlackElo "2314"]
[PlyCount "114"]
[EventDate "2010.10.16"]
[EventType "team"]
[EventRounds "11"]
[EventCountry "AUT"]
[WhiteTeam "RbEJ Gleisdorf"]
[BlackTeam "ESV Austria Graz"]

1.d4 g6 2.c4 Bg7 3.Nc3 d6 4.Nf3 e5 5.e4 Nc6 6.d5 Nce7 7.h4 f5 8.h5 Nh6 9.Be2 f4
10.g3 O-O 11.gxf4 exf4 12.Bd2 Ng4 13.Qc1 Ne5 14.Qc2 Nxf3+ 15.Bxf3 g5 16.Rg1 h6
17.O-O-O Kh8 18.Bg4 Bxg4 19.Rxg4 Ng8 20.Rh1 Qe7 21.f3 c5 22.dxc6 bxc6 23.Rg2
Rab8 24.Kb1 Be5 25.Nd1 Nf6 26.Bc3 Rb7 27.Bxe5 dxe5 28.Nf2 Rd8 29.Nd3 Rbd7 30.Nc1
Rd4 31.Qc3 Kh7 32.Rc2 g4 33.fxg4 Nxe4 34.Qf3 Nd2+ 35.Rxd2 Rxd2 36.Qxc6 Kg8
37.Re1 f3 38.Qxf3 Rxb2+ 39.Kxb2 Qb4+ 40.Qb3 Qxe1 41.c5+ Kh8 42.c6 Rd2+ 43.Kb1
Qe4+ 44.Ka1 Qd4+ 45.Kb1 Qe4+ 46.Ka1 Qxc6 47.Qb8+ Kh7 48.Qxa7+ Kg8 49.Qb8+ Kf7
50.Qb3+ Kf6 51.Qa3 Qc2 52.g5+ hxg5 53.Qf8+ Ke6 54.Qe8+ Kf5 55.Qf8+ Kg4 56.Qb4+
Kxh5 57.Qa3 Kh4 0-1

[Event "2. Bundesliga Mitte 2010/11"]
[Site "Gleisdorf"]
[Date "2011.03.12"]
[Round "7"]
[Board "5"]
[White "Aschenbrenner, Robert"]
[Black "Walzl, Martin"]
[Result "1-0"]
[WhiteElo "2229"]
[BlackElo "2166"]
[PlyCount "113"]
[EventDate "2010.10.16"]
[EventType "team"]
[EventRounds "11"]
[EventCountry "AUT"]
[WhiteTeam "ESV Austria Graz"]
[BlackTeam "RbEJ Gleisdorf"]

1.d4 e6 2.Nf3 Nf6 3.e3 b6 4.Bd3 Bb7 5.O-O d5 6.b3 Bd6 7.Bb2 O-O 8.c4 Nbd7 9.Nc3
a6 10.cxd5 exd5 11.Ne2 Ne4 12.Ne5 Re8 13.f3 Nef6 14.f4 Ne4 15.Ng3 Nxg3 16.hxg3
Nf6 17.g4 Ne4 18.g5 f6 19.Bxe4 dxe4 20.gxf6 Qxf6 21.Qh5 Bd5 22.Rf2 Re7 23.Ng6
Bf7 24.Nxe7+ Qxe7 25.Qe2 Bd5 26.g3 a5 27.Rh2 g6 28.Bc3 Rf8 29.Be1 Qd7 30.g4 Be6
31.Rg2 Kh8 32.Bh4 Bxf4 33.Rf1 Bd6 34.Rxf8+ Bxf8 35.Bf6+ Kg8 36.Be5 Bd6 37.Bxd6
Qxd6 38.Qf2 Kg7 39.Qh4 Bg8 40.g5 Qe7 41.Qf4 Bd5 42.Rc2 c6 43.Rf2 b5 44.Kh2 Kg8
45.Kg3 Kg7 46.Rc2 Kg8 47.Qb8+ Kg7 48.Qe5+ Qxe5+ 49.dxe5 h5 50.gxh6+ Kxh6 51.Kf4
Kg7 52.Rh2 Kf7 53.Rh7+ Ke6 54.Rg7 a4 55.Rxg6+ Ke7 56.bxa4 bxa4 57.a3 1-0

[Event "2. Bundesliga Mitte 2010/11"]
[Site "Gleisdorf"]
[Date "2011.03.12"]
[Round "7"]
[Board "1"]
[White "Mohr, Georg"]
[Black "Danner, Georg"]
[Result "1/2-1/2"]
[WhiteElo "2511"]
[BlackElo "2422"]
[PlyCount "46"]
[EventDate "2010.10.16"]
[EventType "team"]
[EventRounds "11"]
[EventCountry "AUT"]
[WhiteTeam "Strassenbahn Graz"]
[BlackTeam "UNION Styria Graz Kleine Zeitung"]

1.g3 c5 2.Bg2 g6 3.e4 Nc6 4.Ne2 Bg7 5.O-O d6 6.c3 e5 7.d3 Nge7 8.Be3 O-O 9.Na3
b6 10.Qd2 d5 11.exd5 Nxd5 12.Bh6 Bxh6 13.Qxh6 Nde7 14.Rad1 Be6 15.Nc4 Qc7 16.b3
Rad8 17.Ne3 Nf5 18.Nxf5 Bxf5 19.Be4 Be6 20.f4 Ne7 21.f5 Bxf5 22.Bxf5 Nxf5
23.Rxf5 Rd5 1/2-1/2

[Event "2. Bundesliga Mitte 2010/11"]
[Site "Gleisdorf"]
[Date "2011.03.12"]
[Round "7"]
[Board "2"]
[White "Stagl, Marco"]
[Black "Petre, Nad-Titus"]
[Result "0-1"]
[WhiteElo "2112"]
[BlackElo "2377"]
[PlyCount "86"]
[EventDate "2010.10.16"]
[EventType "team"]
[EventRounds "11"]
[EventCountry "AUT"]
[WhiteTeam "UNION Styria Graz Kleine Zeitung"]
[BlackTeam "Strassenbahn Graz"]

1.Nf3 Nf6 2.c4 g6 3.g3 Bg7 4.Bg2 d6 5.d4 O-O 6.Nc3 Nc6 7.O-O Bf5 8.d5 Na5 9.Nd2
c5 10.e4 Bd7 11.h3 e6 12.f4 exd5 13.cxd5 Re8 14.Re1 Nh5 15.Nf3 Nxg3 16.Qd3 Nh5
17.Kh2 b5 18.e5 b4 19.Ne4 Bf5 20.Bd2 Qb6 21.b3 dxe5 22.fxe5 Rxe5 23.Rad1 Rxe4
24.Rxe4 Qd6+ 25.Kg1 Nf6 26.Bf4 Qb6 27.Nd2 Nxe4 28.Nxe4 c4+ 29.Qe3 Qxe3+ 30.Bxe3
cxb3 31.axb3 Re8 32.d6 Nxb3 33.Bxa7 Rd8 34.Bb6 Rd7 35.Nc5 Nxc5 36.Bxc5 b3 37.Bc6
b2 38.Bxd7 Bxd7 39.Rb1 Bf5 40.d7 Bxd7 41.Rd1 Bf6 42.Kg2 Bc6+ 43.Kf1 Be4 0-1

[Event "2. Bundesliga Mitte 2010/11"]
[Site "Gleisdorf"]
[Date "2011.03.12"]
[Round "7"]
[Board "3"]
[White "Grunberg, Mihai-Lucian"]
[Black "Pirker, Christian"]
[Result "1-0"]
[WhiteElo "2414"]
[BlackElo "2188"]
[PlyCount "73"]
[EventDate "2010.10.16"]
[EventType "team"]
[EventRounds "11"]
[EventCountry "AUT"]
[WhiteTeam "Strassenbahn Graz"]
[BlackTeam "UNION Styria Graz Kleine Zeitung"]

1.Nf3 Nf6 2.c4 g6 3.g3 Bg7 4.Bg2 O-O 5.d4 d5 6.cxd5 Nxd5 7.O-O Nc6 8.Nc3 Nb6
9.e3 e5 10.d5 Na5 11.e4 Nac4 12.b3 Nd6 13.a4 a5 14.Re1 Bg4 15.h3 Bd7 16.Ba3 Re8
17.Rc1 f5 18.Nd2 Qf6 19.Rc2 Rad8 20.Qe2 c6 21.Bc5 Ndc8 22.Nf3 cxd5 23.exd5 e4
24.Nh2 Ne7 25.Rd1 Rc8 26.Qe3 Bh6 27.Qxh6 Rxc5 28.Nxe4 fxe4 29.Rxc5 Qd6 30.Qc1
Nexd5 31.Nf1 Bc6 32.Ne3 Qe6 33.Nxd5 Bxd5 34.Rxa5 Bxb3 35.Re1 Bxa4 36.Rxe4 Qb3
37.Raxa4 1-0

[Event "2. Bundesliga Mitte 2010/11"]
[Site "Gleisdorf"]
[Date "2011.03.12"]
[Round "7"]
[Board "4"]
[White "Rohler, Siegfried"]
[Black "Krebs, Johann"]
[Result "1-0"]
[WhiteElo "2192"]
[BlackElo "2234"]
[PlyCount "117"]
[EventDate "2010.10.16"]
[EventType "team"]
[EventRounds "11"]
[EventCountry "AUT"]
[WhiteTeam "UNION Styria Graz Kleine Zeitung"]
[BlackTeam "Strassenbahn Graz"]

1.e4 c5 2.Nf3 Nc6 3.Bb5 g6 4.O-O Bg7 5.Re1 Nf6 6.h3 O-O 7.e5 Nd5 8.Nc3 Nc7
9.Bxc6 dxc6 10.d3 Ne6 11.Ne4 b6 12.a4 a5 13.Neg5 Qd5 14.c4 Qd8 15.Ra3 Qc7 16.Qe2
Rd8 17.Rb3 Rb8 18.Nxe6 Bxe6 19.Ng5 Qd7 20.Nxe6 Qxe6 21.Qg4 Qxg4 22.hxg4 e6 23.f4
Bf8 24.Bd2 Be7 25.g5 Bf8 26.g4 Be7 27.Kg2 Kg7 28.Kf3 Rdc8 29.Re4 Bd8 30.Bc3 Bc7
31.Be1 Rd8 32.Bf2 Rd7 33.d4 cxd4 34.Rxd4 Rxd4 35.Bxd4 Rd8 36.Bxb6 Rb8 37.c5 Kf8
38.Ke4 Ke8 39.Kd4 Kd7 40.Kc4 Rh8 41.Rh3 Kc8 42.b4 axb4 43.a5 Bxb6 44.cxb6 Kb7
45.Kxb4 Rd8 46.Kc4 Rd1 47.Rxh7 Rc1+ 48.Kd3 Ka6 49.Rxf7 Kxa5 50.b7 Rb1 51.Rc7 Ka6
52.Rxc6+ Kxb7 53.Rxe6 Rb4 54.f5 Rxg4 55.Rxg6 Kc7 56.Rg7+ Kc6 57.e6 Kd6 58.Rd7+
Kc6 59.g6 1-0

[Event "2. Bundesliga Mitte 2010/11"]
[Site "Gleisdorf"]
[Date "2011.03.12"]
[Round "7"]
[Board "5"]
[White "Pesorda, Ivan"]
[Black "Schriebl, Alexander"]
[Result "1-0"]
[WhiteElo "2273"]
[BlackElo "2072"]
[PlyCount "113"]
[EventDate "2010.10.16"]
[EventType "team"]
[EventRounds "11"]
[EventCountry "AUT"]
[WhiteTeam "Strassenbahn Graz"]
[BlackTeam "UNION Styria Graz Kleine Zeitung"]

1.d4 Nf6 2.c4 g6 3.Nc3 d5 4.f3 c5 5.dxc5 d4 6.Nb5 Nc6 7.e3 e5 8.exd4 Nxd4 9.Nxd4
exd4 10.Ne2 d3 11.Nc3 Qe7+ 12.Kf2 Qxc5+ 13.Be3 Qb4 14.Qa4+ Qxa4 15.Nxa4 Be6
16.Bxd3 O-O-O 17.Rad1 b6 18.c5 bxc5 19.Ba6+ Kc7 20.Rxd8 Kxd8 21.Rd1+ Nd7 22.Nxc5
Bxc5 23.Bxc5 Bxa2 24.Bxa7 Kc7 25.Rc1+ Kd6 26.Rd1+ Kc7 27.Rc1+ Kd6 28.Rc8 Rxc8
29.Bxc8 Nf6 30.Ke3 Nd5+ 31.Kd4 Bb3 32.Bb7 Ke6 33.Bb8 Ne7 34.Kc5 h5 35.Ba6 Nf5
36.Bf4 Kf6 37.Bf1 g5 38.Bd2 Nh4 39.Kb4 Bd1 40.Kc4 g4 41.fxg4 hxg4 42.b4 Bc2
43.Kd5 Kf5 44.Kd6 Be4 45.Bb5 Bxg2 46.Bd7+ Ke4 47.Bc6+ Kd3 48.Bxg2 Kxd2 49.b5 f5
50.Bd5 f4 51.b6 f3 52.b7 f2 53.Bc4 Nf5+ 54.Kd7 Ne3 55.Bb5 f1=Q 56.Bxf1 Nxf1
57.b8=Q 1-0

[Event "2. Bundesliga Mitte 2010/11"]
[Site "Gleisdorf"]
[Date "2011.03.12"]
[Round "7"]
[Board "6"]
[White "Wieser, Andreas"]
[Black "Steiner, Stefan"]
[Result "0-1"]
[WhiteElo "2090"]
[BlackElo "2247"]
[PlyCount "112"]
[EventDate "2010.10.16"]
[EventType "team"]
[EventRounds "11"]
[EventCountry "AUT"]
[WhiteTeam "UNION Styria Graz Kleine Zeitung"]
[BlackTeam "Strassenbahn Graz"]

1.e4 c5 2.Nf3 e6 3.d4 cxd4 4.Nxd4 Qb6 5.Nb3 Qc7 6.g3 Nf6 7.Bg2 Be7 8.Nc3 a6
9.O-O d6 10.Be3 Nc6 11.f4 O-O 12.a4 b6 13.Qe2 Bb7 14.Rad1 Rad8 15.g4 Rfe8 16.g5
Nd7 17.Qg4 Nf8 18.Ne2 f6 19.h4 Bc8 20.c3 Kh8 21.Qh5 Nb8 22.Nbd4 e5 23.Nc2 Be6
24.Nb4 Qc8 25.f5 Bb3 26.Rd2 d5 27.Nxd5 Bc5 28.Qf3 Bxd5 29.Rxd5 Rxd5 30.exd5 Qd7
31.Bxc5 bxc5 32.Qe3 Qxa4 33.Qxc5 Qxh4 34.gxf6 gxf6 35.Qf2 Qh6 36.Rd1 Nfd7 37.Rd3
Qf8 38.d6 e4 39.Rd4 e3 40.Qg3 Re5 41.Rd5 Nc6 42.Rxe5 Ncxe5 43.Bd5 Nf7 44.Bxf7
Qxf7 45.Qxe3 Ne5 46.Qc5 Qg7+ 47.Kf1 Qg5 48.Qc8+ Kg7 49.Qb7+ Kg8 50.Qa8+ Kg7
51.Qb7+ Kg8 52.Qd5+ Kg7 53.Qg2 Ng4 54.Ke1 Qxf5 55.Kd2 Qg5+ 56.Kd1 Ne3+ 0-1

[Event "2. Bundesliga Mitte 2010/11"]
[Site "Feffernitz"]
[Date "2011.03.13"]
[Round "8"]
[Board "6"]
[White "Toefferl, Heimo"]
[Black "Sommer, Sonja"]
[Result "1-0"]
[WhiteElo "2126"]
[BlackElo "2040"]
[PlyCount "38"]
[EventDate "2010.10.16"]
[EventType "team"]
[EventRounds "11"]
[EventCountry "AUT"]
[WhiteTeam "ZH-Technologies-Wolfsberg"]
[BlackTeam "SK MPOE Maria Saal"]

1.d4 d5 2.c4 e5 3.dxe5 d4 4.a3 Nc6 5.Nf3 Nge7 6.b4 Ng6 7.Bb2 Ncxe5 8.Nxe5 Nxe5
9.Bxd4 Nxc4 10.e3 Nd6 11.Nd2 Be6 12.Be2 Nf5 13.Nf3 Bd6 14.O-O O-O 15.Bb2 Qe7
16.e4 Rad8 17.Qc2 Nh4 18.e5 Bf5 19.exd6 Rxd6 1-0

[Event "2. Bundesliga Mitte 2010/11"]
[Site "Feffernitz"]
[Date "2011.03.13"]
[Round "8"]
[Board "1"]
[White "Horvath, Jozsef"]
[Black "Lenic, Luka"]
[Result "0-1"]
[WhiteElo "2560"]
[BlackElo "2603"]
[PlyCount "98"]
[EventDate "2010.10.16"]
[EventType "team"]
[EventRounds "11"]
[EventCountry "AUT"]
[WhiteTeam "SC Die Klagenfurter"]
[BlackTeam "SV Raika Rapid Feffernitz"]

1.c4 Nf6 2.g3 e6 3.Bg2 d5 4.Nf3 Be7 5.d4 O-O 6.Nc3 c6 7.O-O Nbd7 8.Qd3 b6 9.Rd1
Ba6 10.b3 Bb4 11.Bb2 Rc8 12.Qc2 Qc7 13.Rac1 Rfd8 14.cxd5 cxd5 15.Qb1 Qd6 16.e3
Qe7 17.Bf1 Bxf1 18.Kxf1 Bxc3 19.Rxc3 Rxc3 20.Bxc3 Ne4 21.Be1 g5 22.h3 h5 23.Nh2
Qa3 24.Qc2 Qa6+ 25.Qe2 Qxe2+ 26.Kxe2 Rc8 27.Kd3 f5 28.g4 Kf7 29.f3 hxg4 30.hxg4
Nef6 31.gxf5 exf5 32.Bg3 Ke6 33.Rg1 g4 34.Bf4 Rg8 35.Rg2 Kf7 36.fxg4 fxg4 37.Rc2
Nh5 38.Rg2 Nxf4+ 39.exf4 Nf6 40.f5 g3 41.Nf1 Nh5 42.Ke3 Rg5 43.Rg1 Kf6 44.Kf3
Rxf5+ 45.Kg4 Kg6 46.Kh3 Rf3 47.b4 Kg5 48.Kg2 Kg4 49.Kh1 Kh3 0-1

[Event "2. Bundesliga Mitte 2010/11"]
[Site "Feffernitz"]
[Date "2011.03.13"]
[Round "8"]
[Board "2"]
[White "Sebenik, Matej"]
[Black "Pilaj, Herwig"]
[Result "1-0"]
[WhiteElo "2516"]
[BlackElo "2349"]
[PlyCount "87"]
[EventDate "2010.10.16"]
[EventType "team"]
[EventRounds "11"]
[EventCountry "AUT"]
[WhiteTeam "SV Raika Rapid Feffernitz"]
[BlackTeam "SC Die Klagenfurter"]

1.d4 d5 2.c4 c6 3.Nf3 Nf6 4.Nc3 dxc4 5.a4 Bf5 6.e3 e6 7.Bxc4 Bb4 8.O-O Nbd7
9.Qe2 Bg6 10.e4 O-O 11.Bd3 h6 12.Bf4 Re8 13.h3 a6 14.Rfd1 Rc8 15.Rac1 Qa5 16.Nd2
b5 17.Nb3 Qb6 18.axb5 cxb5 19.e5 Nd5 20.Bxg6 Nxf4 21.Bxf7+ Kxf7 22.Qf3 g5 23.g3
Bxc3 24.Rxc3 Rxc3 25.bxc3 Kg7 26.gxf4 Rf8 27.Nc5 Nxc5 28.dxc5 Qxc5 29.Rd7+ Kg6
30.Qe4+ Rf5 31.Rd6 Qc8 32.fxg5 hxg5 33.Qd5 Rf6 34.Qa2 Rf4 35.Rxe6+ Kf5 36.Re7
Qxc3 37.Rf7+ Ke4 38.e6 Qc1+ 39.Kg2 Qc6 40.f3+ Kd3 41.Rd7+ Kc3 42.Qd2+ Kb3
43.Rd3+ Ka4 44.Qa2+ 1-0

[Event "2. Bundesliga Mitte 2010/11"]
[Site "Feffernitz"]
[Date "2011.03.13"]
[Round "8"]
[Board "3"]
[White "Genser, Harald"]
[Black "Diermair, Andreas"]
[Result "1/2-1/2"]
[WhiteElo "2281"]
[BlackElo "2354"]
[PlyCount "59"]
[EventDate "2010.10.16"]
[EventType "team"]
[EventRounds "11"]
[EventCountry "AUT"]
[WhiteTeam "SC Die Klagenfurter"]
[BlackTeam "SV Raika Rapid Feffernitz"]

1.d4 d5 2.c4 c6 3.Nf3 Nf6 4.Nc3 dxc4 5.a4 Bf5 6.e3 e6 7.Bxc4 Bb4 8.O-O O-O 9.Ne5
Nbd7 10.Nxd7 Qxd7 11.f3 Rad8 12.Qb3 a5 13.Rd1 Qc7 14.e4 Bg6 15.Be3 Rd7 16.Rac1
Qb8 17.Ne2 e5 18.dxe5 Qxe5 19.Nf4 Bc5 20.Nxg6 Bxe3+ 21.Qxe3 hxg6 22.Rxd7 Nxd7
23.Rd1 Nc5 24.b3 Ne6 25.Bxe6 Qxe6 26.Qc3 Re8 27.Rd3 b6 28.Kf2 g5 29.h3 f6 30.Qd4
1/2-1/2

[Event "2. Bundesliga Mitte 2010/11"]
[Site "Feffernitz"]
[Date "2011.03.13"]
[Round "8"]
[Board "4"]
[White "Novak, Pavel"]
[Black "Petschar, Kurt"]
[Result "1/2-1/2"]
[WhiteElo "2381"]
[BlackElo "2304"]
[PlyCount "111"]
[EventDate "2010.10.16"]
[EventType "team"]
[EventRounds "11"]
[EventCountry "AUT"]
[WhiteTeam "SV Raika Rapid Feffernitz"]
[BlackTeam "SC Die Klagenfurter"]

1.e4 e5 2.Nf3 Nc6 3.d4 exd4 4.Nxd4 Nf6 5.Nc3 Bb4 6.Nxc6 bxc6 7.Bd3 O-O 8.O-O d5
9.exd5 cxd5 10.Bg5 c6 11.Na4 h6 12.Bh4 Be6 13.Rc1 Be7 14.c4 d4 15.Qf3 Qa5 16.b3
Rad8 17.h3 Rfe8 18.Rfe1 Bb4 19.Re2 Qh5 20.Qf4 Nd7 21.Bg3 c5 22.Qe4 Nf6 23.Qb7
Bf5 24.Re5 Rxe5 25.Bxe5 Re8 26.Bxf5 Qxf5 27.Bxf6 gxf6 28.Rf1 a5 29.Nb6 d3 30.Nd5
Kg7 31.Ne3 Qe4 32.Qxe4 Rxe4 33.Rd1 d2 34.Kf1 h5 35.Ke2 f5 36.a3 Bxa3 37.Kxd2 f4
38.Nd5 f3 39.gxf3 Rd4+ 40.Ke2 Rxd1 41.Kxd1 Kg6 42.Nf4+ Kg5 43.Ng2 Bb2 44.Ke2 Bd4
45.f4+ Kf5 46.Kf3 Ke6 47.Ne3 f5 48.Nd5 Kf7 49.Ke2 Kg6 50.f3 Kf7 51.Kd2 Bb2
52.Nc7 Ba3 53.Nb5 Bb4+ 54.Kd3 Ke6 55.Nc7+ Kf7 56.Nd5 1/2-1/2